Laddar...
LEADER 00810nam a22001934a 4500
008 150125n ii |||gr||||Z||||||eng
020 |a 0-7923-5786-8 
082 |a 512.4 GOL 
100 |a Golan, Jonathan, S,. 
245 |a Semirings and Their Applications  |h Textual Documents 
260 |a Boston:  |b Kluwer Academic Publications,  |c 1999. 
300 |a XI,381p.:  |e 09579. 
546 |a English. 
630 |a Mathematics; Euclidean Semirings; Linear Algebra Over a Semiring . 
653 |a Fctor Semiring,Kernels of Morphisms,Factor Semimodules,CLO Semirings,Lattice Ordered Semirings 
852 |t 1  |p STA09579  |b General   |k 09579  |f 00000  |c Shelf - 22 
942 |c BK 
999 |c 216780  |d 216780 
952 |0 0  |1 0  |4 0  |6 09579_000000000000000  |7 0  |9 230873  |a STA  |b STA  |c Shelf - 22  |d 2019-12-11  |l 0  |o 09579  |p STA09579  |r 2019-12-11  |t 1  |w 2019-12-11  |y BK